000 00920cam a2200325 i 4500
001 0000785
003 DO-SdBNP
005 20180207131425.0
007 0000785
008 100514s 2010 mx a | |||| 000 f spa
015 _a
017 _a
_b
020 _a9786071107732
035 _a
040 _aBPMSU
_bspa
_cBPMSU
_e
080 _a
100 1 _aKästner, Erich
_d1899-1974
240 1 4 _aDie konferenz der tiere /
_lale.
245 1 3 _aLa conferencia de los animales /
_h
_cErich Kästner ; traducción Carmen Seco ; ilustraciones Walter Trier
260 _aMéxico :
_bAlfaguara,
_c2010.
300 _a119 p.:
_bil.
_c20 m
490 1 _aAlfaguara infantil
521 _aA partir de los 10 años.
700 1 2 _aSeco, Carmen
_etrad.
700 1 2 _aTrier, Walter
_eil.
830 0 _aAlfaguara infantil
942 _2ddc
_cBK
945 _ainventariado, 2018 / dg
956 _aYLOCKWARD
_810
_cBPMSU
999 _c11827
_d11827